| 000 | 00000nam##2200000za#4500 |
| 001 | 9.576211 |
| 003 | CaOODSP |
| 005 | 20210624185031 |
| 007 | cr ||||||||||| |
| 008 | 150406|1980||||xxc|||||o f|0| 0 eng|d |
| 040 | |aCaOODSP|beng |
| 043 | |an-cn--- |
| 086 | 1 |aFs97-13/221E-PDF |
| 110 | 1 |aCanada. |bDepartment of Fisheries and Oceans. |
| 245 | 10|aAtlantic salmon commercial catch data, Newfoundland and Labrador, 1979 / |h[electronic resource]|cby R.B. Moores, and E.G. Dawe. |
| 260 | |aSt. John's - Newfoundland and Labrador : |bFisheries and Oceans Canada |c1980. |
| 300 | |a102p.|breferences, tables |
| 490 | 1 |aCanadian data report of fisheries and aquatic sciences|vNo. 221 |
| 500 | |aOn t.p.: Research and Resource Services, St. John's, Newfoundland. Catalogue number of the print edition appears in the PDF version. |
| 546 | |a(Résumé en français) |
| 590 | |a13-09-Supp|b2013-04-04 |
| 720 | 1 |aDawe, E. G. |
| 720 | 1 |aMoores, R. B. |
| 830 | #0|aCanadian data report of fisheries and aquatic sciences ;|vNo. 221|w(CaOODSP)9.505124 |
| 856 | 40|ahttp://publications.gc.ca|qPDF|s2971 KB|uhttps://publications.gc.ca/collections/collection_2013/mpo-dfo/Fs97-13-221-eng.pdf|yNo. 221 |